| 000 | 00428cam a2200181ua 4500 | ||
|---|---|---|---|
| 020 | _c1 | ||
| 041 |
_amal _h |
||
| 082 |
_a894.812 308 _bKOS/PU |
||
| 100 | _aKoshy, Deacon . | ||
| 245 |
_aPulleli Kunchu / _cDeacon Koshy. _hTextual Documents |
||
| 250 |
_a1 / _b. |
||
| 260 |
_aKottayam : _bVidyarthi Mithram Book Depo , _c1959. |
||
| 300 | _a94 ; . | ||
| 365 | _a1 | ||
| 504 | _a | ||
| 942 | _cBK | ||
| 999 |
_c3873 _d3873 |
||